[Вып. 10] : Вопросы математического моделирования; Динамика и прочность тяжелых машин

Dettagli Bibliografici
Parent link:Динамика и прочность тяжелых машин: межвузовский тематический сборник научных трудов/ Днепропетровский государственный университет имени 300-летия воссоединения Украины с Россией. [Вып. 10] : Вопросы математического моделирования.— , 1976-1989
Lingua:russo
Pubblicazione: 1986
Soggetti:
Natura: Libro
KOHA link:https://koha.lib.tpu.ru/cgi-bin/koha/opac-detail.pl?biblionumber=256333

MARC

LEADER 00000nam2a2200000 4500
001 256333
005 20231101233115.0
035 |a (RuTPU)RU\TPU\book\278996 
090 |a 256333 
100 |a 20140408d1986 k y0rusy5003 ca 
101 0 |a rus 
102 |a UA 
105 |a a z 001zy 
200 0 |a [Вып. 10] : Вопросы математического моделирования 
210 |d 1986 
215 |a 136 с.  |c ил. 
320 |a Библиогр. в конце статей 
461 1 |0 (RuTPU)RU\TPU\book\273887  |t Динамика и прочность тяжелых машин  |o межвузовский тематический сборник научных трудов  |f Днепропетровский государственный университет имени 300-летия воссоединения Украины с Россией  |v [Вып. 10] : Вопросы математического моделирования  |d 1976-1989 
606 1 |a Механизмы и машины  |x Динамика  |2 stltpush  |3 (RuTPU)RU\TPU\subj\43531  |9 63019 
610 1 |a прочность 
610 1 |a математическое моделирование 
610 1 |a тяжелые машины 
610 1 |a колебания 
610 1 |a прикладная теория 
610 1 |a надежность 
610 1 |a металлорежущие станки 
610 1 |a несущие элементы 
610 1 |a нелинейные колебания 
610 1 |a самотормозящие механизмы 
610 1 |a оболочки 
610 1 |a локальный нагрев 
610 1 |a деформация 
675 |a 621.01:531.3  |z rus  |v 3 
801 0 |a RU  |b RuMRKP  |c 19950417  |g psbo 
801 1 |a RU  |b 63413507  |c 20140408 
801 2 |a RU  |b 63413507  |c 20170407  |g RCR 
942 |c BK